000 nam a22 7a 4500
999 _c49754
_d49754
003 OSt
005 20200225143505.0
008 200225b xxu||||| |||| 00| 0 eng d
040 _cIIMT COLLEGE OF ENGINEERING,GREATER NOIDA
100 _aGOPALKRISHNAN,P & SURNDARESAN,M.
245 _aMATERIALS MANAGEMENT
260 _aNEW DELHI
_bP.H.I.
_c2018
300 _a276
942 _2ddc
_c02